| 000 | 01164cam a22003011 4500 | ||
|---|---|---|---|
| 001 | 20219 | ||
| 003 | BD-RjUL | ||
| 005 | 20211209000533.0 | ||
| 008 | 140227s1953 enkc 001 0aeng c | ||
| 035 | _a(BD-RjUL)20281 | ||
| 035 | _a(OCoLC)1231262 | ||
| 040 |
_aRochester. Univ. Libr. _cMShM _dOCoLC _dUk _dDLC _dBD-RjUL _beng |
||
| 041 | _aeng | ||
| 082 |
_a928.2 _bWOP 1953 |
||
| 100 | 1 |
_aWodehouse, P. G. _q(Pelham Grenville), _d1881-1975. _959683 |
|
| 245 | 1 | 0 |
_aPerforming flea : _ba self-portrait in letters / _cWith an intro. and additional notes by W. Townsend. |
| 260 |
_aLondon : _bH. Jenkins, _c1953. |
||
| 300 |
_a300 p. : _bport. ; _c18 cm. |
||
| 500 | _aComprises a selection of the letters Wodehouse wrote to Townend over a period of more than thirty years. | ||
| 504 | _aIncludes index. | ||
| 600 | 1 | 0 |
_aWodehouse, P. G. _q(Pelham Grenville), _d1881-1975 _xCorrespondence. _962322 |
| 600 | 1 | 0 |
_aTownend, W. _q(William), _d1881- _xCorrespondence. _962323 |
| 650 | 0 |
_aAuthors, English _y20th century _xCorrespondence. _962319 |
|
| 700 | 1 |
_aTownend, W. _q(William), _d1881- _962320 |
|
| 942 |
_2ddc _cBK |
||
| 999 |
_c20219 _d20219 |
||